000 02346nam a2200433 c 4500
003 BLK
005 20241216164640.0
008 180409b bul|||||r ||||||| ||bul||
010 _aKNG00106385000
020 _a954-649-376-7
_bиздат.: Сиела Софт енд Паблишинг - (грешен)
040 _aBLK
041 _aBUL
_cBUL
080 _aБългарска литература в основното училище. Методика на обучението
_b373.3.016:821.163.2
_x(075.2)
_z373.3.016:821.163.2(075.2)
080 _aЛитературна дейност. Редактиране. Култура на речта. Стилистика. Литературна техника
_b808
_x(075.2)
_z808(075.2)
100 _aРадев, Радослав Димитров
_9364728
700 1 _aПопова, Койка Тинева
_eсъавт.
_9364619
700 1 _aНиколова, Лили
_eсъавт.
_9366827
139 _aРадев, Радослав Димитров и др.
_bР 12
245 1 0 _aСедмокласниците пишат
_bСъчинение разсъждение ; Коментари на худож. текстове ; Примерни варианти на подробни планове
_cРадослав Димитров Радев; съавт. Койка Тинева Попова; съавт. Лили Николова.
250 _a4. прераб. изд.
257 _aBGR
260 София
_bСиела Софт енд Паблишинг
_c2002
300 _a190 с.
_c21 см
380 _a3
500 _a1. изд. 1994, в 2 ч. на изд. Асио. - Офс. изд. - В кн. означено 3. прераб. изд.
650 4 _aБългарска литература - учебници за основни училища
_9250869
650 4 _aСъчинение и преразказ - учебници за основни училища
_9242721
653 _aбългарска литература
653 _aучебни помагала
653 _aVІІ кл.
653 _aсъчинение
653 _aпреразказ
852 _aЦб 214999
856 4 _qpdf
_u
856 4 _qpdf
_u
942 _cKNG
_n0
944 _aCR
_c01.01.2002
_k30550
_lКети Илиева
944 _aED
_c19.09.2011
_k
999 _c101341
_d101341